| 000 | 00633cam a22002293a 4500 | ||
|---|---|---|---|
| 001 | 22391 | ||
| 003 | PGUSA | ||
| 005 | 20140828083457.0 | ||
| 008 | 070825s2007||||xxu|||||s|||||000 p eng d | ||
| 040 |
_aPGUSA _beng |
||
| 042 | _adc | ||
| 050 | 4 | _aPT | |
| 100 | 1 |
_aBusch, Wilhelm, _d1832-1908 |
|
| 245 | 1 | 0 |
_aKritik des Herzens _h[electronic resource] / _cWilhelm Busch |
| 260 |
_bProject Gutenberg, _c2007 |
||
| 506 | _aPublic domain in the USA. | ||
| 516 | _aElectronic text | ||
| 653 | _aGerman poetry -- 19th century | ||
| 830 | 0 |
_aProject Gutenberg _v22391 |
|
| 856 | 4 | 0 | _uhttp://www.gutenberg.org/ebooks/22391 |
| 942 | _cEB | ||
| 999 |
_c251646 _d251646 |
||